[Event "Blitz Nancy 2018"]
[Site "Nancy"]
[Date "2018.03.03"]
[Round "6.2"]
[White "DONCHENKO, Alexander"]
[Black "GULIYEV, Namig"]
[Result "0-1"]
[BlackElo "2526"]
[WhiteElo "2547"]
[LiveChessVersion "1.4.8"]

1. Nf3 {[%clk 0:04:03]} d5 {[%clk 0:04:04]} 2. g3 {[%clk 0:04:04]} Nf6
{[%clk 0:04:05]} 3. Bg2 {[%clk 0:04:06]} c6 {[%clk 0:04:06]} 4. c4
{[%clk 0:04:06]} Bg4 {[%clk 0:04:05]} 5. Ne5 {[%clk 0:04:07]} Bf5
{[%clk 0:04:06]} 6. cxd5 {[%clk 0:04:08]} cxd5 {[%clk 0:04:06]} 7. Nc3
{[%clk 0:04:09]} Nbd7 {[%clk 0:03:53]} 8. Qa4 {[%clk 0:04:05]} e6
{[%clk 0:03:49]} 9. g4 {[%clk 0:04:05]} Bg6 {[%clk 0:03:46]} 10. h4
{[%clk 0:04:06]} h6 {[%clk 0:03:03]} 11. Nxg6 {[%clk 0:04:06]} fxg6
{[%clk 0:03:03]} 12. Qc2 {[%clk 0:03:49]} Kf7 {[%clk 0:03:02]} 13. h5
{[%clk 0:03:49]} gxh5 {[%clk 0:02:57]} 14. gxh5 {[%clk 0:03:49]} Bd6
{[%clk 0:02:44]} 15. Qg6+ {[%clk 0:03:41]} Kf8 {[%clk 0:02:45]} 16. d4
{[%clk 0:03:41]} Qe8 {[%clk 0:02:41]} 17. Qd3 {[%clk 0:03:24]} Rc8
{[%clk 0:02:18]} 18. Bd2 {[%clk 0:03:15]} Nxh5 {[%clk 0:02:09]} 19. e4
{[%clk 0:03:11]} Nf4 {[%clk 0:01:54]} 20. Bxf4 {[%clk 0:02:46]} Bxf4
{[%clk 0:01:54]} 21. exd5 {[%clk 0:02:47]} exd5+ {[%clk 0:01:55]} 22. Kf1
{[%clk 0:02:48]} Nf6 {[%clk 0:01:49]} 23. Nxd5 {[%clk 0:02:42]} Nxd5
{[%clk 0:01:21]} 24. Bxd5 {[%clk 0:02:43]} Qd7 {[%clk 0:01:22]} 25. Bb3
{[%clk 0:01:19]} g5 {[%clk 0:01:17]} 26. Qg6 {[%clk 0:01:15]} Rc6
{[%clk 0:01:15]} 27. Qe4 {[%clk 0:01:11]} Rd6 {[%clk 0:01:13]} 28. Re1
{[%clk 0:00:53]} Kg7 {[%clk 0:01:06]} 29. Qe7+ {[%clk 0:00:42]} Qxe7
{[%clk 0:01:06]} 30. Rxe7+ {[%clk 0:00:43]} Kf6 {[%clk 0:01:00]} 31. Rf7+
{[%clk 0:00:43]} Kg6 {[%clk 0:01:01]} 32. Rxb7 {[%clk 0:00:43]} a6
{[%clk 0:01:00]} 33. d5 {[%clk 0:00:39]} h5 {[%clk 0:00:54]} 34. Kg2
{[%clk 0:00:40]} h4 {[%clk 0:00:55]} 35. Kh3 {[%clk 0:00:40]} Rf8
{[%clk 0:00:46]} 36. Re1 {[%clk 0:00:36]} Kf6 {[%clk 0:00:33]} 37. Ree7
{[%clk 0:00:32]} Bc1 {[%clk 0:00:29]} 38. Rh7 {[%clk 0:00:30]} Kf5
{[%clk 0:00:27]} 39. Rbe7 {[%clk 0:00:15]} Bxb2 {[%clk 0:00:22]} 40. Bc2+
{[%clk 0:00:13]} Kf4 {[%clk 0:00:21]} 41. Kg2 {[%clk 0:00:14]} Be5
{[%clk 0:00:15]} 42. Rhf7+ {[%clk 0:00:05]} Rxf7 {[%clk 0:00:16]} 43. Rxf7+
{[%clk 0:00:06]} Rf6 {[%clk 0:00:18]} 44. Re7 {[%clk 0:00:05]} g4
{[%clk 0:00:18]} 45. Rh7 {[%clk 0:00:04]} h3+ {[%clk 0:00:19]} 46. Kf1
{[%clk 0:00:06]} Bd4 {[%clk 0:00:18]} 47. Ke2 {[%clk 0:00:07]} Kg5
{[%clk 0:00:19]} 48. Rg7+ {[%clk 0:00:08]} Kh6 {[%clk 0:00:20]} 49. Rxg4
{[%clk 0:00:09]} Rxf2+ {[%clk 0:00:21]} 50. Kd3 {[%clk 0:00:11]} h2
{[%clk 0:00:16]} 51. Rh4+ {[%clk 0:00:08]} Kg5 {[%clk 0:00:17]} 52. Rh7
{[%clk 0:00:06]} Be5 {[%clk 0:00:18]} 53. Bd1 {[%clk 0:00:04]} Rf1
{[%clk 0:00:19]} 54. Be2 {[%clk 0:00:06]} h1=Q {[%clk 0:00:18]} 0-1

[Event "Blitz Nancy 2018"]
[Site "Nancy"]
[Date "2018.03.03"]
[Round "6.3"]
[White "BOK, Benjamin"]
[Black "SCHCHEKACHEV, Andrei"]
[Result "1-0"]
[BlackElo "2522"]
[WhiteElo "2579"]
[LiveChessVersion "1.4.8"]

1. e4 {[%clk 0:04:02]} Nc6 {[%clk 0:04:02]} 2. d4 {[%clk 0:03:55]} e5
{[%clk 0:04:02]} 3. Nf3 {[%clk 0:03:17]} exd4 {[%clk 0:04:02]} 4. Nxd4
{[%clk 0:03:18]} Qf6 {[%clk 0:04:01]} 5. Nf3 {[%clk 0:03:15]} Bb4+
{[%clk 0:03:54]} 6. c3 {[%clk 0:03:16]} Bc5 {[%clk 0:03:55]} 7. Bd3
{[%clk 0:03:05]} Ne5 {[%clk 0:03:31]} 8. Be2 {[%clk 0:02:47]} Nxf3+
{[%clk 0:03:25]} 9. Bxf3 {[%clk 0:02:48]} Ne7 {[%clk 0:03:24]} 10. O-O
{[%clk 0:02:46]} O-O {[%clk 0:03:22]} 11. Nd2 {[%clk 0:02:33]} Ng6
{[%clk 0:03:14]} 12. Nb3 {[%clk 0:01:54]} Bb6 {[%clk 0:03:05]} 13. g3
{[%clk 0:01:41]} d6 {[%clk 0:02:59]} 14. Bg2 {[%clk 0:01:42]} Re8
{[%clk 0:02:31]} 15. Nd4 {[%clk 0:01:41]} Bd7 {[%clk 0:02:24]} 16. h3
{[%clk 0:01:29]} c5 {[%clk 0:02:16]} 17. Nf5 {[%clk 0:01:00]} Bxf5
{[%clk 0:02:13]} 18. exf5 {[%clk 0:01:01]} Qxf5 {[%clk 0:02:13]} 19. Bxb7
{[%clk 0:00:56]} Rad8 {[%clk 0:01:59]} 20. Qg4 {[%clk 0:00:54]} Qxg4
{[%clk 0:01:51]} 21. hxg4 {[%clk 0:00:56]} Ne5 {[%clk 0:01:49]} 22. g5
{[%clk 0:00:44]} d5 {[%clk 0:01:44]} 23. Rd1 {[%clk 0:00:34]} c4 {[%clk 0:01:33]}
24. Rxd5 {[%clk 0:00:18]} Rxd5 {[%clk 0:01:20]} 25. Bxd5 {[%clk 0:00:19]} Nd3
{[%clk 0:01:21]} 26. Be3 {[%clk 0:00:15]} Bxe3 {[%clk 0:01:18]} 27. fxe3
{[%clk 0:00:17]} Rxe3 {[%clk 0:01:14]} 28. Bxc4 {[%clk 0:00:17]} Ne5
{[%clk 0:00:53]} 29. Bf1 {[%clk 0:00:17]} Rxg3+ {[%clk 0:00:54]} 30. Kf2
{[%clk 0:00:18]} Rxg5 {[%clk 0:00:54]} 31. Rd1 {[%clk 0:00:19]} h5
{[%clk 0:00:55]} 32. c4 {[%clk 0:00:15]} Ng4+ {[%clk 0:00:51]} 33. Kf3
{[%clk 0:00:12]} Rf5+ {[%clk 0:00:45]} 34. Ke4 {[%clk 0:00:07]} g6
{[%clk 0:00:43]} 35. Rd8+ {[%clk 0:00:07]} Kg7 {[%clk 0:00:45]} 36. Be2
{[%clk 0:00:07]} Nf2+ {[%clk 0:00:37]} 37. Ke3 {[%clk 0:00:07]} h4
{[%clk 0:00:38]} 38. Rd5 {[%clk 0:00:05]} Rf6 {[%clk 0:00:29]} 39. Rd4
{[%clk 0:00:04]} g5 {[%clk 0:00:26]} 40. Rd2 {[%clk 0:00:04]} Nh3
{[%clk 0:00:18]} 41. Bg4 {[%clk 0:00:04]} Nf4 {[%clk 0:00:18]} 42. c5
{[%clk 0:00:05]} h3 {[%clk 0:00:15]} 43. Rh2 {[%clk 0:00:06]} Ra6
{[%clk 0:00:14]} 44. b4 {[%clk 0:00:05]} Kg6 {[%clk 0:00:12]} 45. Ke4
{[%clk 0:00:06]} Ra4 {[%clk 0:00:10]} 46. Bxh3 {[%clk 0:00:05]} Rxb4+
{[%clk 0:00:10]} 47. Ke5 {[%clk 0:00:06]} Nxh3 {[%clk 0:00:09]} 48. Rxh3
{[%clk 0:00:07]} g4 {[%clk 0:00:09]} 49. Rc3 {[%clk 0:00:08]} f6+
{[%clk 0:00:08]} 50. Ke6 {[%clk 0:00:08]} f5 {[%clk 0:00:07]} 51. c6
{[%clk 0:00:10]} Rb8 {[%clk 0:00:07]} 52. c7 {[%clk 0:00:11]} Ra8
{[%clk 0:00:09]} 53. c8=Q {[%clk 0:00:11]} Rxc8 {[%clk 0:00:10]} 54. Rxc8
{[%clk 0:00:12]} f4 {[%clk 0:00:08]} 55. Rg8+ {[%clk 0:00:13]} Kh5
{[%clk 0:00:09]} 56. Kf5 {[%clk 0:00:14]} 1-0

[Event "Blitz Nancy 2018"]
[Site "Nancy"]
[Date "2018.03.03"]
[Round "6.4"]
[White "FEDORCHUK, Sergey"]
[Black "NEVEDNICHY, Vladislav"]
[Result "0-1"]
[BlackElo "2553"]
[WhiteElo "2571"]
[LiveChessVersion "1.4.8"]

1. e4 {[%clk 0:04:02]} d6 {[%clk 0:04:02]} 2. d4 {[%clk 0:04:02]} Nf6
{[%clk 0:04:03]} 3. Nc3 {[%clk 0:04:03]} e5 {[%clk 0:04:03]} 4. Nf3
{[%clk 0:04:03]} exd4 {[%clk 0:04:03]} 5. Nxd4 {[%clk 0:04:03]} Be7
{[%clk 0:04:05]} 6. g3 {[%clk 0:03:59]} Nc6 {[%clk 0:03:53]} 7. Bg2
{[%clk 0:03:45]} Bd7 {[%clk 0:03:53]} 8. Nde2 {[%clk 0:03:39]} O-O
{[%clk 0:03:51]} 9. O-O {[%clk 0:03:38]} Rb8 {[%clk 0:03:43]} 10. h3
{[%clk 0:03:35]} b5 {[%clk 0:03:41]} 11. a3 {[%clk 0:03:35]} a5 {[%clk 0:03:42]}
12. g4 {[%clk 0:03:17]} b4 {[%clk 0:03:41]} 13. axb4 {[%clk 0:03:13]} axb4
{[%clk 0:03:42]} 14. Nd5 {[%clk 0:03:14]} Nxd5 {[%clk 0:03:40]} 15. exd5
{[%clk 0:03:15]} Ne5 {[%clk 0:03:40]} 16. Nd4 {[%clk 0:03:15]} h5
{[%clk 0:02:39]} 17. gxh5 {[%clk 0:02:45]} Bf6 {[%clk 0:02:33]} 18. Kh2
{[%clk 0:02:21]} Re8 {[%clk 0:02:34]} 19. Ra7 {[%clk 0:02:05]} Rb6
{[%clk 0:02:00]} 20. f4 {[%clk 0:01:37]} Qb8 {[%clk 0:01:25]} 21. Ra1
{[%clk 0:01:34]} c5 {[%clk 0:01:25]} 22. dxc6 {[%clk 0:01:23]} Nxc6
{[%clk 0:01:26]} 23. Nf3 {[%clk 0:01:21]} Bf5 {[%clk 0:01:18]} 24. Ng5
{[%clk 0:01:04]} Ne7 {[%clk 0:01:11]} 25. Ra8 {[%clk 0:01:00]} Qxa8 26. Bxa8 Rxa8
{[%clk 0:01:14]} 27. Be3 {[%clk 0:00:58]} Rc6 {[%clk 0:01:13]} 28. Rf2
{[%clk 0:00:54]} Rac8 {[%clk 0:01:13]} 29. Bd4 {[%clk 0:00:39]} Rxc2
{[%clk 0:00:39]} 30. Rxc2 {[%clk 0:00:38]} Rxc2+ {[%clk 0:00:41]} 31. Kg1
{[%clk 0:00:33]} d5 {[%clk 0:00:18]} 32. h6 {[%clk 0:00:28]} Bxg5
{[%clk 0:00:13]} 33. fxg5 {[%clk 0:00:28]} Ng6 {[%clk 0:00:11]} 34. hxg7
{[%clk 0:00:19]} Nf4 {[%clk 0:00:12]} 35. Qa1 {[%clk 0:00:15]} Ne2+
{[%clk 0:00:12]} 36. Kf1 {[%clk 0:00:13]} Nxd4 {[%clk 0:00:11]} 37. Qa8+
{[%clk 0:00:14]} Kxg7 {[%clk 0:00:11]} 38. Qxd5 {[%clk 0:00:15]} Bd3+
{[%clk 0:00:05]} 39. Ke1 {[%clk 0:00:15]} Re2+ {[%clk 0:00:06]} 40. Kd1
{[%clk 0:00:13]} Bc2+ {[%clk 0:00:06]} 41. Kc1 {[%clk 0:00:15]} Nb3+
{[%clk 0:00:07]} 0-1

[Event "Blitz Nancy 2018"]
[Site "Nancy"]
[Date "2018.03.03"]
[Round "7.1"]
[White "GULIYEV, Namig"]
[Black "VAN FOREEST, Lucas"]
[Result "1/2-1/2"]
[BlackElo "2423"]
[WhiteElo "2526"]
[LiveChessVersion "1.4.8"]

1. e4 {[%clk 0:04:03]} e5 {[%clk 0:04:04]} 2. Nf3 {[%clk 0:04:04]} Nc6
{[%clk 0:04:05]} 3. Bb5 {[%clk 0:04:05]} Nf6 {[%clk 0:04:06]} 4. O-O
{[%clk 0:04:06]} Nxe4 {[%clk 0:04:07]} 5. Re1 {[%clk 0:04:07]} Nd6
{[%clk 0:04:08]} 6. Nxe5 {[%clk 0:04:08]} Be7 {[%clk 0:04:09]} 7. Bf1
{[%clk 0:04:09]} Nxe5 {[%clk 0:04:10]} 8. Rxe5 {[%clk 0:04:09]} O-O
{[%clk 0:04:10]} 9. d4 {[%clk 0:04:10]} Bf6 {[%clk 0:04:10]} 10. Re1
{[%clk 0:04:11]} Re8 {[%clk 0:04:11]} 11. c3 {[%clk 0:04:07]} Rxe1
{[%clk 0:04:12]} 12. Qxe1 {[%clk 0:04:08]} Qe8 {[%clk 0:03:41]} 13. Qxe8+
{[%clk 0:03:53]} Nxe8 {[%clk 0:03:42]} 14. Bf4 {[%clk 0:03:53]} d5
{[%clk 0:03:33]} 15. Nd2 {[%clk 0:03:54]} Be6 {[%clk 0:03:23]} 16. f3
{[%clk 0:03:49]} Be7 {[%clk 0:03:06]} 17. Kf2 {[%clk 0:03:45]} Bd6
{[%clk 0:03:08]} 18. Bxd6 {[%clk 0:03:45]} Nxd6 {[%clk 0:03:08]} 19. g4
{[%clk 0:03:43]} g5 {[%clk 0:02:52]} 20. Re1 {[%clk 0:03:39]} Re8
{[%clk 0:02:51]} 21. Bd3 {[%clk 0:03:33]} f6 {[%clk 0:02:34]} 22. Kg3
{[%clk 0:03:25]} Bd7 {[%clk 0:02:34]} 23. Rxe8+ {[%clk 0:03:26]} Bxe8
{[%clk 0:02:25]} 24. f4 {[%clk 0:03:20]} h6 {[%clk 0:01:56]} 25. h4
{[%clk 0:03:17]} Kg7 {[%clk 0:01:47]} 26. hxg5 {[%clk 0:03:05]} hxg5
{[%clk 0:01:48]} 27. Nf3 {[%clk 0:02:52]} Bg6 {[%clk 0:01:29]} 28. Bxg6
{[%clk 0:02:08]} Kxg6 {[%clk 0:01:28]} 29. fxg5 {[%clk 0:02:09]} fxg5
{[%clk 0:01:28]} 30. Ne5+ {[%clk 0:02:08]} Kf6 {[%clk 0:01:26]} 1/2-1/2

[Event "Blitz Nancy 2018"]
[Site "Nancy"]
[Date "2018.03.03"]
[Round "7.2"]
[White "GUREVICH, Mikhail"]
[Black "BOK, Benjamin"]
[Result "0-1"]
[BlackElo "2579"]
[WhiteElo "2582"]
[LiveChessVersion "1.4.8"]

1. g3 {[%clk 0:04:01]} g6 {[%clk 0:03:59]} 2. Bg2 {[%clk 0:04:01]} Bg7
{[%clk 0:04:00]} 3. c4 {[%clk 0:04:02]} c5 {[%clk 0:04:00]} 4. Nc3
{[%clk 0:04:03]} Nc6 5. Rb1 b6 {[%clk 0:03:53]} 6. d3 {[%clk 0:04:00]} Bb7
{[%clk 0:03:52]} 7. e4 {[%clk 0:04:00]} e6 {[%clk 0:03:52]} 8. Nge2
{[%clk 0:04:01]} Nge7 {[%clk 0:03:52]} 9. O-O {[%clk 0:04:01]} O-O
{[%clk 0:03:53]} 10. Bf4 {[%clk 0:03:56]} d6 {[%clk 0:03:34]} 11. Qd2
{[%clk 0:03:51]} Qd7 {[%clk 0:03:18]} 12. Bh6 {[%clk 0:03:47]} Nd4
{[%clk 0:02:58]} 13. Bxg7 {[%clk 0:03:38]} Kxg7 {[%clk 0:02:59]} 14. b4
{[%clk 0:03:26]} Nec6 {[%clk 0:01:25]} 15. b5 {[%clk 0:03:03]} Nxe2+
{[%clk 0:01:25]} 16. Nxe2 {[%clk 0:03:02]} Ne7 {[%clk 0:01:16]} 17. a4
{[%clk 0:01:31]} d5 {[%clk 0:01:13]} 18. exd5 {[%clk 0:01:19]} exd5
{[%clk 0:01:15]} 19. d4 {[%clk 0:01:18]} dxc4 {[%clk 0:00:56]} 20. Bxb7
{[%clk 0:01:18]} Qxb7 {[%clk 0:00:57]} 21. dxc5 {[%clk 0:01:18]} bxc5
{[%clk 0:00:58]} 22. Qc3+ {[%clk 0:01:17]} Kg8 {[%clk 0:00:58]} 23. Qxc4
{[%clk 0:01:17]} Nf5 {[%clk 0:00:40]} 24. Qxc5 {[%clk 0:01:04]} Rac8
{[%clk 0:00:36]} 25. Qb4 {[%clk 0:00:59]} Rc2 {[%clk 0:00:13]} 26. Nd4
{[%clk 0:00:47]} Ne3 {[%clk 0:00:14]} 27. f3 {[%clk 0:00:39]} Rg2+
{[%clk 0:00:08]} 28. Kh1 {[%clk 0:00:40]} Qd7 {[%clk 0:00:08]} 29. g4
{[%clk 0:00:21]} Qd8 {[%clk 0:00:05]} 30. Rfe1 {[%clk 0:00:07]} Rxh2+
{[%clk 0:00:04]} 31. Kg1 {[%clk 0:00:04]} Rg2+ {[%clk 0:00:05]} 0-1

[Event "Blitz Nancy 2018"]
[Site "Nancy"]
[Date "2018.03.03"]
[Round "7.4"]
[White "NEVEDNICHY, Vladislav"]
[Black "LENAERTS, Lennert"]
[Result "1/2-1/2"]
[BlackElo "2305"]
[WhiteElo "2553"]
[LiveChessVersion "1.4.8"]

1. e4 {[%clk 0:04:03]} e5 {[%clk 0:04:03]} 2. Bc4 {[%clk 0:04:01]} Nf6
{[%clk 0:04:03]} 3. d3 {[%clk 0:04:03]} Nc6 {[%clk 0:04:04]} 4. Nf3
{[%clk 0:04:03]} Bc5 {[%clk 0:04:04]} 5. O-O {[%clk 0:04:03]} h6 {[%clk 0:03:53]}
6. c3 {[%clk 0:04:02]} d6 {[%clk 0:03:52]} 7. a4 {[%clk 0:04:02]} a5
{[%clk 0:03:47]} 8. Na3 {[%clk 0:03:39]} O-O {[%clk 0:03:44]} 9. Nc2
{[%clk 0:03:38]} Re8 {[%clk 0:03:28]} 10. h3 {[%clk 0:03:33]} d5 {[%clk 0:02:58]}
11. exd5 {[%clk 0:03:32]} Nxd5 {[%clk 0:02:58]} 12. Re1 {[%clk 0:03:31]} Nb6
{[%clk 0:02:16]} 13. Bb5 {[%clk 0:03:30]} Bd6 {[%clk 0:02:17]} 14. Ne3
{[%clk 0:03:22]} Bd7 {[%clk 0:02:15]} 15. Nc4 {[%clk 0:03:19]} Nxc4
{[%clk 0:02:12]} 16. Bxc4 {[%clk 0:03:20]} Be6 {[%clk 0:01:57]} 17. Bb5
{[%clk 0:03:14]} Bd7 {[%clk 0:01:57]} 18. Qb3 {[%clk 0:03:01]} Qf6
{[%clk 0:01:52]} 19. Nd2 {[%clk 0:02:57]} Qg6 {[%clk 0:01:52]} 20. Kf1
{[%clk 0:02:52]} Red8 {[%clk 0:01:36]} 21. Ne4 {[%clk 0:02:48]} Be7
{[%clk 0:01:37]} 22. Bc4 {[%clk 0:02:45]} b6 {[%clk 0:01:27]} 23. Re3
{[%clk 0:02:46]} Be6 {[%clk 0:01:13]} 24. Bxe6 {[%clk 0:02:44]} Qxe6
{[%clk 0:01:13]} 25. Qxe6 {[%clk 0:02:44]} fxe6 {[%clk 0:01:14]} 26. Ke2
{[%clk 0:02:35]} Rd7 {[%clk 0:01:14]} 27. Rg3 {[%clk 0:02:34]} Kf7
{[%clk 0:01:13]} 28. Be3 {[%clk 0:02:30]} Rad8 {[%clk 0:01:12]} 29. Rd1
{[%clk 0:02:31]} Bf8 {[%clk 0:01:04]} 30. Rf3+ {[%clk 0:02:31]} Kg8
{[%clk 0:01:05]} 31. Bc1 {[%clk 0:02:20]} Ne7 {[%clk 0:00:58]} 32. h4
{[%clk 0:02:17]} Nf5 {[%clk 0:00:54]} 33. Rh1 {[%clk 0:02:15]} Be7
{[%clk 0:00:52]} 34. h5 {[%clk 0:02:16]} Nd6 {[%clk 0:00:52]} 35. Nd2
{[%clk 0:01:57]} Bg5 {[%clk 0:00:51]} 36. Nb3 {[%clk 0:01:48]} Bxc1
{[%clk 0:00:46]} 37. Nxc1 {[%clk 0:01:48]} e4 {[%clk 0:00:46]} 38. Re3
{[%clk 0:01:42]} exd3+ {[%clk 0:00:44]} 39. Rxd3 {[%clk 0:01:41]} Nc4
{[%clk 0:00:43]} 40. b3 {[%clk 0:01:27]} Ne5 {[%clk 0:00:37]} 41. Rxd7
{[%clk 0:01:27]} Rxd7 {[%clk 0:00:38]} 42. Rh4 {[%clk 0:01:26]} Kf7
{[%clk 0:00:37]} 43. Rf4+ {[%clk 0:01:26]} Ke7 {[%clk 0:00:37]} 44. Re4
{[%clk 0:01:27]} Kf6 {[%clk 0:00:38]} 45. f3 {[%clk 0:01:23]} Rd5
{[%clk 0:00:36]} 46. g4 {[%clk 0:01:18]} Rc5 {[%clk 0:00:24]} 47. c4
{[%clk 0:01:15]} Rc6 {[%clk 0:00:25]} 48. Nd3 {[%clk 0:00:20]} Nxd3
{[%clk 0:00:26]} 49. Kxd3 {[%clk 0:00:21]} e5 {[%clk 0:00:27]} 50. Re1
{[%clk 0:00:18]} Rd6+ {[%clk 0:00:28]} 51. Ke3 {[%clk 0:00:18]} Rd4
{[%clk 0:00:28]} 52. Rc1 {[%clk 0:00:18]} c5 {[%clk 0:00:29]} 53. Rf1
{[%clk 0:00:18]} Kg5 {[%clk 0:00:28]} 54. Re1 {[%clk 0:00:17]} Kf6
{[%clk 0:00:29]} 55. Rf1 {[%clk 0:00:15]} Kg5 {[%clk 0:00:30]} 56. Re1
{[%clk 0:00:16]} Kf6 {[%clk 0:00:29]} 57. Rf1 {[%clk 0:00:17]} Kg5 1/2-1/2

[Event "Blitz Nancy 2018"]
[Site "Nancy"]
[Date "2018.03.03"]
[Round "8.2"]
[White "DONCHENKO, Alexander"]
[Black "FELLER, Sebastien"]
[Result "1-0"]
[BlackElo "2575"]
[WhiteElo "2547"]
[LiveChessVersion "1.4.8"]

1. d4 {[%clk 0:04:03]} d6 {[%clk 0:04:03]} 2. Nf3 {[%clk 0:04:04]} Bg4
{[%clk 0:04:03]} 3. e4 {[%clk 0:04:05]} Nf6 {[%clk 0:04:02]} 4. Nc3
{[%clk 0:04:05]} e6 {[%clk 0:04:01]} 5. h3 {[%clk 0:04:05]} Bh5 {[%clk 0:03:59]}
6. Qe2 {[%clk 0:04:06]} Be7 {[%clk 0:03:52]} 7. g4 {[%clk 0:04:05]} Bg6
{[%clk 0:03:53]} 8. Bg2 {[%clk 0:04:06]} c6 {[%clk 0:03:27]} 9. Bd2
{[%clk 0:03:54]} d5 {[%clk 0:03:14]} 10. exd5 {[%clk 0:03:40]} cxd5
{[%clk 0:03:11]} 11. Ne5 {[%clk 0:03:33]} Nc6 {[%clk 0:03:12]} 12. Be3
{[%clk 0:03:21]} Bb4 {[%clk 0:02:52]} 13. O-O {[%clk 0:03:14]} O-O
{[%clk 0:02:46]} 14. Nxg6 {[%clk 0:03:14]} hxg6 {[%clk 0:02:47]} 15. Qd3
{[%clk 0:03:05]} Rc8 {[%clk 0:02:45]} 16. Ne2 {[%clk 0:03:01]} Na5
{[%clk 0:02:42]} 17. c3 {[%clk 0:02:58]} Be7 {[%clk 0:02:42]} 18. b3
{[%clk 0:02:55]} a6 {[%clk 0:02:25]} 19. f4 {[%clk 0:02:48]} Bd6 {[%clk 0:02:09]}
20. Rae1 {[%clk 0:02:42]} Re8 {[%clk 0:02:00]} 21. Ng3 {[%clk 0:02:30]} b5
{[%clk 0:01:53]} 22. Bd2 {[%clk 0:02:28]} Nc6 {[%clk 0:01:53]} 23. b4
{[%clk 0:02:16]} Nb8 {[%clk 0:01:38]} 24. g5 {[%clk 0:02:10]} Nh7
{[%clk 0:01:36]} 25. h4 {[%clk 0:02:09]} Nf8 {[%clk 0:01:19]} 26. h5
{[%clk 0:01:53]} Nc6 {[%clk 0:01:20]} 27. hxg6 {[%clk 0:01:26]} fxg6
{[%clk 0:01:21]} 28. Bh3 {[%clk 0:01:22]} Qd7 {[%clk 0:01:21]} 29. Qe2
{[%clk 0:01:01]} Bb8 {[%clk 0:01:15]} 30. Qg4 {[%clk 0:00:58]} Ne7
{[%clk 0:01:11]} 31. Rxe6 {[%clk 0:00:57]} Nxe6 {[%clk 0:01:03]} 32. Qxe6+
{[%clk 0:00:57]} Qxe6 {[%clk 0:01:04]} 33. Bxe6+ {[%clk 0:00:58]} Kf8
{[%clk 0:01:05]} 34. f5 {[%clk 0:00:44]} gxf5 {[%clk 0:00:43]} 35. Nxf5
{[%clk 0:00:44]} Nxf5 {[%clk 0:00:44]} 36. Rxf5+ {[%clk 0:00:44]} Ke7
{[%clk 0:00:45]} 37. Bxc8 {[%clk 0:00:44]} Rxc8 {[%clk 0:00:46]} 38. Rxd5
{[%clk 0:00:42]} Bd6 {[%clk 0:00:39]} 39. Rf5 {[%clk 0:00:42]} Ke6
{[%clk 0:00:40]} 40. Rf3 {[%clk 0:00:38]} Rc7 {[%clk 0:00:34]} 41. Kf2
{[%clk 0:00:33]} Kd5 {[%clk 0:00:36]} 42. g6 {[%clk 0:00:26]} Ke6
{[%clk 0:00:08]} 43. Ke3 {[%clk 0:00:22]} Be7 {[%clk 0:00:08]} 44. Ke4
{[%clk 0:00:22]} Bf6 {[%clk 0:00:09]} 45. Bf4 {[%clk 0:00:18]} Rc4
{[%clk 0:00:10]} 46. Bb8 {[%clk 0:00:14]} Rc8 {[%clk 0:00:09]} 47. Bg3
{[%clk 0:00:09]} Rh8 {[%clk 0:00:06]} 48. d5+ {[%clk 0:00:07]} Kd7
{[%clk 0:00:08]} 49. Rxf6 {[%clk 0:00:06]} gxf6 {[%clk 0:00:08]} 50. Kf5
{[%clk 0:00:07]} Ke7 51. d6+ Kd7 {[%clk 0:00:03]} 52. g7 {[%clk 0:00:09]} Rg8
{[%clk 0:00:03]} 53. Kxf6 {[%clk 0:00:10]} Kd8 1-0

[Event "Blitz Nancy 2018"]
[Site "Nancy"]
[Date "2018.03.03"]
[Round "8.3"]
[White "FLICK, Antoine"]
[Black "GULIYEV, Namig"]
[Result "1/2-1/2"]
[BlackElo "2526"]
[WhiteElo "2285"]
[LiveChessVersion "1.4.8"]

1. d4 {[%clk 0:04:02]} d5 {[%clk 0:04:02]} 2. Nf3 {[%clk 0:04:04]} Nf6
{[%clk 0:04:03]} 3. c4 {[%clk 0:04:06]} dxc4 {[%clk 0:04:04]} 4. e3
{[%clk 0:04:07]} e6 {[%clk 0:04:05]} 5. Bxc4 {[%clk 0:04:08]} a6 {[%clk 0:04:07]}
6. a4 {[%clk 0:04:09]} b6 {[%clk 0:04:08]} 7. O-O {[%clk 0:04:08]} Bb7
{[%clk 0:04:09]} 8. Nc3 {[%clk 0:04:08]} Bb4 {[%clk 0:04:07]} 9. Qe2
{[%clk 0:04:03]} O-O {[%clk 0:04:03]} 10. Bd2 {[%clk 0:04:01]} Nbd7
{[%clk 0:04:02]} 11. Rfd1 {[%clk 0:04:00]} Qe7 {[%clk 0:04:02]} 12. Rac1
{[%clk 0:03:58]} c5 {[%clk 0:04:03]} 13. Be1 {[%clk 0:03:57]} Rfd8
{[%clk 0:03:54]} 14. h3 {[%clk 0:03:39]} cxd4 {[%clk 0:03:52]} 15. Nxd4
{[%clk 0:03:35]} Nc5 {[%clk 0:03:46]} 16. b3 {[%clk 0:03:13]} g6 {[%clk 0:03:43]}
17. Nc2 {[%clk 0:03:08]} Bxc3 {[%clk 0:03:27]} 18. Bxc3 {[%clk 0:03:08]} e5
{[%clk 0:03:13]} 19. Ne1 {[%clk 0:02:41]} Nfe4 {[%clk 0:03:07]} 20. Ba1
{[%clk 0:02:40]} Nd6 {[%clk 0:03:04]} 21. Nd3 {[%clk 0:02:04]} Nxc4
{[%clk 0:02:21]} 22. Nxc5 {[%clk 0:02:00]} Rxd1+ {[%clk 0:02:10]} 23. Qxd1
{[%clk 0:01:48]} Nxe3 {[%clk 0:02:03]} 24. Qd7 {[%clk 0:01:48]} Qxd7
{[%clk 0:01:41]} 25. Nxd7 {[%clk 0:01:49]} Nxg2 {[%clk 0:01:37]} 26. Rc7
{[%clk 0:01:35]} Bf3 {[%clk 0:01:29]} 27. Nxe5 {[%clk 0:01:33]} Bd5
{[%clk 0:01:30]} 28. Nd7 {[%clk 0:01:19]} Nf4 {[%clk 0:01:24]} 29. Nf6+
{[%clk 0:01:17]} Kf8 {[%clk 0:01:24]} 30. Nxh7+ {[%clk 0:01:11]} Ke8
{[%clk 0:01:23]} 31. Nf6+ {[%clk 0:01:12]} Kf8 {[%clk 0:01:24]} 32. Be5
{[%clk 0:01:09]} Nxh3+ {[%clk 0:01:17]} 33. Kh2 {[%clk 0:01:07]} Ng5
{[%clk 0:01:17]} 34. Bd6+ {[%clk 0:01:00]} Kg7 {[%clk 0:01:16]} 35. Nxd5
{[%clk 0:01:01]} Rd8 {[%clk 0:01:15]} 36. Be5+ {[%clk 0:01:00]} Kh6
{[%clk 0:01:15]} 37. Bf4 {[%clk 0:00:25]} Rxd5 {[%clk 0:01:15]} 38. Rxf7
{[%clk 0:00:26]} b5 {[%clk 0:01:09]} 39. axb5 {[%clk 0:00:20]} Rxb5
{[%clk 0:01:10]} 40. Be3 {[%clk 0:00:18]} Rxb3 {[%clk 0:01:00]} 41. Ra7
{[%clk 0:00:20]} Ra3 {[%clk 0:00:58]} 42. Rc7 {[%clk 0:00:20]} Ra5
{[%clk 0:00:56]} 43. Kg3 {[%clk 0:00:18]} Kh5 {[%clk 0:00:56]} 44. f4
{[%clk 0:00:18]} Ne4+ {[%clk 0:00:57]} 45. Kf3 {[%clk 0:00:19]} Nf6
{[%clk 0:00:57]} 46. Rf7 {[%clk 0:00:19]} Rf5 {[%clk 0:00:56]} 47. Bd4
{[%clk 0:00:19]} g5 {[%clk 0:00:30]} 48. Rxf6 {[%clk 0:00:17]} Rxf6
{[%clk 0:00:30]} 49. Bxf6 {[%clk 0:00:18]} gxf4 {[%clk 0:00:31]} 50. Kxf4
{[%clk 0:00:19]} 1/2-1/2